| 000 | 00684cam a2200205 4500 | ||
|---|---|---|---|
| 001 | ABS60747 | ||
| 008 | 000000n1999 000 0 eng u | ||
| 035 | _a(Sirsi) u101239 | ||
| 100 | _aLast, K. | ||
| 245 | _aProtection of archaeological sites: an outline of the law. | ||
| 260 | _c1999 | ||
| 490 |
_aScottish Planning and Environmental Law _v1999 73 SPEL 60-61(2) |
||
| 520 | _aOutlines the law relating to the scheduling of monuments and explains how sites can also be protected by development control. | ||
| 650 | _aARCHAEOLOGICAL SITES | ||
| 650 | _aSCHEDULED MONUMENTS | ||
| 650 | _aDEVELOPMENT CONTROL | ||
| 650 | _aSCOTLAND | ||
| 690 | _aCONSERVATION | ||
| 942 | _n0 | ||
| 999 |
_c60393 _d60393 |
||